LIBRARY & INFORMATION CENTRE, KCAET, TAVANUR

ONLINE PUBLIC ACCESS CATALOGUE (OPAC)

Introduction to the calculus of variation for engineers and economists / (Record no. 2648)

MARC details
000 -LEADER
fixed length control field 00558cam a2200205ua 4500
041 ## - LANGUAGE CODE
Language code of text/sound track or separate title eng
082 ## - DEWEY DECIMAL CLASSIFICATION NUMBER
Classification number 515.64
Item number ASO/IN
100 ## - MAIN ENTRY--AUTHOR NAME
Personal name Asok Kumar, Mukhopadyay .
245 ## - TITLE STATEMENT
Title Introduction to the calculus of variation for engineers and economists /
250 ## - EDITION STATEMENT
Edition statement 1 /
260 ## - PUBLICATION, DISTRIBUTION, ETC. (IMPRINT)
Place of publication Delhi :
Name of publisher Khanna publishers ,
Year of publication 1978.
300 ## - PHYSICAL DESCRIPTION
Number of Pages 93 ; .
500 ## - GENERAL NOTE
General note 19158 CSS
942 ## - ADDED ENTRY ELEMENTS (KOHA)
Koha item type Books
Holdings
Withdrawn status Lost status Damaged status Home library Current library Date acquired Full call number Accession Number Koha item type
      KAUAET KAUAET 07/04/2012 515.64 19349 Books
      KAUAET KAUAET 07/04/2012 515.64 19158 Books
free website counter